2702-水間鉄道の駅 - Statistics

General Stats
  • This quiz has been taken 76 times
  • The average score is 7 of 10
Answer Stats
本線 % Correct
水間観音
98%
貝塚
97%
貝塚市役所前
81%
清児
69%
名越
59%
59%
近義の里
53%
三ツ松
50%
三ヶ山口
50%
石才
48%
No matching quizzes found
Score Distribution
Percent of People with Each Score
Percentile by Number Answered
Your Score History
You have not taken this quiz